| 000 | 00768nam a2200217 a 4500 | ||
|---|---|---|---|
| 001 | 12820 | ||
| 003 | BD-JhCC | ||
| 005 | 20230516100536.0 | ||
| 008 | 230516s2021 b |||| |||| 000 0 b d | ||
| 020 | _a9789849564836 | ||
| 035 | _a(BD-JhCC)12820 | ||
| 040 |
_aBD-JhCC _dBD-JhCC |
||
| 041 | _aben | ||
| 082 |
_a158.4 _bRIM 2021 |
||
| 100 | _aরিমন, তানভীর শাহরিয়ার | ||
| 245 |
_aলিডারশিপ ইন্টেলিজেন্স : _bসিইও হওয়ার রোডম্যাপ / _cতানভীর শাহরিয়ার রিমন |
||
| 260 |
_aঢাকা : _bআদর্শ, _c২০২১ |
||
| 300 |
_a৭৯ পৃ. : _c২১ সেমি. |
||
| 650 | _aLeadership | ||
| 942 |
_2ddc _cBK |
||
| 999 |
_c12820 _d12820 |
||